Developmental reading 2 / (Record no. 12443)
[ view plain ]
| 000 -LEADER | |
|---|---|
| fixed length control field | 00866nam a2200265 i 4500 |
| 003 - CONTROL NUMBER IDENTIFIER | |
| control field | URS |
| 005 - DATE AND TIME OF LATEST TRANSACTION | |
| control field | 20251001091329.0 |
| 008 - FIXED-LENGTH DATA ELEMENTS--GENERAL INFORMATION | |
| fixed length control field | 181009b xxu||||| |||| 00| 0 eng d |
| 020 ## - INTERNATIONAL STANDARD BOOK NUMBER | |
| International Standard Book Number | 9716856972 |
| 040 ## - CATALOGING SOURCE | |
| Description conventions | rda |
| Transcribing agency | URS |
| Language of cataloging | English |
| 050 14 - LIBRARY OF CONGRESS CALL NUMBER | |
| Classification number | LB2395 |
| Item number | .M348 2009 |
| 100 ## - MAIN ENTRY--PERSONAL NAME | |
| Personal name | Marquez Jr., Servillano T., |
| Relator term | author. |
| 245 ## - TITLE STATEMENT | |
| Title | Developmental reading 2 / |
| Statement of responsibility, etc. | Servillano T. Marquez Jr., Neliza C. Casale, Bryan Eli Sadorra. |
| 264 ## - PRODUCTION, PUBLICATION, DISTRIBUTION, MANUFACTURE, AND COPYRIGHT NOTICE | |
| Place of production, publication, distribution, manufacture | Quezon City : |
| Name of producer, publisher, distributor, manufacturer | Lorimar Publishing Incorporated, |
| Date of production, publication, distribution, manufacture, or copyright notice | ©2009. |
| 300 ## - PHYSICAL DESCRIPTION | |
| Extent | 175 pages ; |
| Dimensions | 26 cm. |
| 336 ## - CONTENT TYPE | |
| Content type term | text |
| Content type code | txt |
| Source | rdacontent |
| 337 ## - MEDIA TYPE | |
| Media type term | unmediated |
| Media type code | n |
| Source | rdamedia |
| 338 ## - CARRIER TYPE | |
| Carrier type term | volume |
| Carrier type code | nc |
| Source | rdacarrier |
| 504 ## - BIBLIOGRAPHY, ETC. NOTE | |
| Bibliography, etc. note | Includes bibliographical references. |
| 526 ## - STUDY PROGRAM INFORMATION NOTE | |
| Program name | BEED |
| 650 #0 - SUBJECT ADDED ENTRY--TOPICAL TERM | |
| Topical term or geographic name entry element | Reading (Higher education). |
| 700 ## - ADDED ENTRY--PERSONAL NAME | |
| Personal name | Casale, Neliza C., |
| Relator term | author. |
| 700 ## - ADDED ENTRY--PERSONAL NAME | |
| Personal name | Sadorra, Bryan Eli., |
| Relator term | author. |
| 942 ## - ADDED ENTRY ELEMENTS (KOHA) | |
| Source of classification or shelving scheme | Library of Congress Classification |
| Koha item type | Filipiniana |
| Withdrawn status | Source of classification or shelving scheme | Damaged status | Not for loan | Collection code | Home library | Current library | Shelving location | Date acquired | Source of acquisition | Total Checkouts | Barcode | Date last seen | Copy number | Price effective from | Koha item type |
|---|---|---|---|---|---|---|---|---|---|---|---|---|---|---|---|
| Dewey Decimal Classification | Fiction | Angono College Library | Angono College Library | On Display | 01/01/2002 | donation | URSANG-4832 | 01/01/2002 | 4 | 01/01/2002 | Filipiniana | ||||
| Dewey Decimal Classification | Fiction | Angono College Library | Angono College Library | On Display | 01/01/2002 | donation | URSANG-4833 | 01/01/2002 | 5 | 01/01/2002 | Filipiniana | ||||
| Dewey Decimal Classification | Fiction | Angono College Library | Angono College Library | On Display | 01/01/2002 | donation | URSANG-4829 | 01/01/2002 | 1 | 01/01/2002 | Filipiniana | ||||
| Dewey Decimal Classification | Fiction | Angono College Library | Angono College Library | On Display | 01/01/2002 | donation | URSANG-4831 | 01/01/2002 | 3 | 01/01/2002 | Filipiniana |